| 000 | 00648nam a2200217Ia 4500 | ||
|---|---|---|---|
| 999 |
_c41258 _d41258 |
||
| 001 | 7911 | ||
| 003 | GE_BSU | ||
| 005 | 20220930120007.0 | ||
| 008 | 181216sru 2009xx |||||||||||||| ||rus|| | ||
| 020 | _a9785060061611 | ||
| 040 | _cGE_BSU | ||
| 041 | _arus | ||
| 080 | _a541(075.8) С-86 | ||
| 100 |
_aСтромберг,А.Г. _914916 |
||
| 245 |
_aФизическая химия / _cА.Г. Стромберг. |
||
| 264 |
_aМосква : _bВысшая школа, _c2009. |
||
| 300 |
_a527 стр.: _bилл; _c24 см. |
||
| 653 | _aФизическая химия | ||
| 653 | _aᲤიზიკური ქიმია | ||
| 942 |
_cBK _2udc |
||